Sports Quiz

Random Sports or MLB Quiz

San Diego All-Stars (2010s) Quiz Stats

 Plays Quiz not verified by Sporcle

Score 0/36 Timer 05:00
0 Plays Today
Team Player % Correct
ChargersPhilip Rivers
98.8%
Chargers Philip Rivers
98.8%
Chargers Philip Rivers
98.8%
ChargersPhilip Rivers
98.8%
ChargersPhilip Rivers
98.8%
ChargersAntonio Gates
92.9%
Chargers Antonio Gates
92.9%
Chargers Antonio Gates
92.9%
ChargersMelvin Gordon
87.1%
Chargers Eric Weddle
62.4%
ChargersEric Weddle
62.4%
ChargersEric Weddle
62.4%
ChargersRyan Mathews
61.2%
ChargersVincent Jackson
60%
Chargers Vincent Jackson
60%
PadresAdrian Gonzalez
60%
PadresWil Myers
52.9%
ChargersCasey Hayward
47.1%
Team Player % Correct
PadresBrad Hand
44.7%
PadresBrad Hand
44.7%
PadresKirby Yates
42.4%
Chargers Nate Kaeding
37.6%
PadresHeath Bell
36.5%
PadresHeath Bell
36.5%
PadresTyson Ross
32.9%
ChargersJason Verrett
32.9%
PadresEverth Cabrera
28.2%
Chargers Shaun Phillips
23.5%
PadresJustin Upton
21.2%
Chargers Kassim Osgood
14.1%
PadresHuston Street
10.6%
PadresHuston Street
10.6%
PadresDrew Pomeranz
10.6%
Chargers Kris Dielman
9.4%
Chargers Kris Dielman
9.4%
ChargersDarrell Stuckey
3.5%

You're not logged in!

Compare scores with friends on all Sporcle quizzes.
OR
Log In

Sporcle TV

Today on Sporcle TV


Watch our educational content, quiz creation guides, and fun videos on Sporcle TV.

Show Comments

Extras

Top Quizzes Today


Score Distribution

Your Account Isn't Verified!

In order to create a playlist on Sporcle, you need to verify the email address you used during registration. Go to your Sporcle Settings to finish the process.

Report this User

Report this user for behavior that violates our Community Guidelines.

Details: